00814nam a22001577a 4500003000900000005001700009008004100026040001300067100002300080245003400103250001200137260002500149300001800174490002100192520044300213IT-RoPau20220918175938.0130125b xxu||||| |||| 00| 0 eng d cIT-RoPau aLucarini, Spartaco aUna donna per il nostro tempo aI° Ed. aAlbabTip. FSPc1974 a207 p.c21 cm aEdizioni Paoline aIndice La fragile sarta di Castagnito d'Alba Un'opera nuova per il nuovo secolo Il primo drappello intorno a "Maestra Tecla" Il richiamo di Roma Il salto dei continenti I primi viaggi oltre l'oceano Gli anni della guerra Approvate le "suore della stampa" Da un continente all'altro Seminare e raccogliere Molta azione, molta preghiera Al traguardo dopo la lunga corsa Tanti istituti una sola madre La "cella" interiore di Tecla Merlo